000 00616nam a2200193Ia 4500
008 131103s9999 xx 000 0 und d
040 _aLoreto College
041 _aEnglish
082 _a851/PET
_bLCLIB(press)/27911
245 _aPetrach's Lyric Poems
_b The rime sparse and other lyrics
_ctranslated & edited by Robert M.Durling
260 _aLondon
_bHarvard University Press
_c1979
300 _a23cm
_c 657p
504 _aIncludes bibilography references & index
650 _aLyric Poems
651 _aItalian literature
700 _aDurling Robert M,trl &ed
850 _aLCLIB/851/PET
942 _cBK
999 _c24908
_d75387